| 000 | 00937nam a22002657a 4500 | ||
|---|---|---|---|
| 999 |
_c3364 _d3364 |
||
| 003 | AR-CdUCM | ||
| 008 | 190306b ||||| |||| 00| 0 spa d | ||
| 040 |
_aMUNICIPALIDAD PROVINCIAL DEL CUSCO _cBIBLIOTECA MUNICIPAL DEL CUSCO |
||
| 082 |
_a803.08 / _bB46 |
||
| 110 |
_aDigest, Readers _910608 |
||
| 245 | _aBiblioteca de selecciones / | ||
| 260 |
_aMéxico : _bEditora san Mateo Tecoloapan, _c1969. |
||
| 300 |
_a479 paginas / _c19 cm. |
||
| 440 |
_alas obras contemporáneos de mayor éxito _n49 _911135 |
||
| 505 | _aContenido :La madona de la cocina -- Torre de babel -- El zorro y el perro -- Al filo del cristal. | ||
| 650 |
_aHistorias contemporáneas _911136 |
||
| 650 |
_aLiteratura francesa _9913 |
||
| 650 |
_aHistorietas _910786 |
||
| 700 |
_aGodden, Rumer _911137 |
||
| 700 |
_aWest, Morris L _911138 |
||
| 700 |
_aMannix, Daniel P _91292 |
||
| 700 |
_aGaskin, Catherine _911139 |
||
| 942 |
_2ddc _cLIBROS |
||
| 945 | _arum | ||